BIBLIOTHÈQUE DE LA MAISON DU MEXIQUE

Logo 1 Logo 2

Los pueblos indígenas de Chiapas (notice nᵒ 3815)

détails MARC
000 -Sello discográfico
campo de control de longitud fija 01340nam a2200409 4500
005 - Identificación de versión
campo de control 20251016083657.0
010 ## - Número Estándar Internacional de Libros (ISBN)
Número (ISBN) 978-968-03-0384-7
035 ## - Otros números de control del sistema
Número de control del sistema 33535
099 ## - fechas locales
Tipo de ítem Koha LIBRO
100 ## - Datos de procesamiento general
Datos de procesamiento general 20120125d2008 m y1spay5003 ba
105 ## - Campo de datos codificados: Material textual, monográfico
Datos codificados de monografía a 001zy
200 1# - Título y mención de responsabilidad
Título propio Los pueblos indígenas de Chiapas
Designación general del material texto impreso
Otra información del título atlas etnográfico
Primer mención de responsabilidad Coordinación Margarita Nolasco, Marina Alonso, Hadlyyn Cuadriello, ... [et al.]
205 ## - Declaración de edición
Declaración de edición 1a ed
210 ## - Publicación, distribución, etc.
Lugar de publicación, distribución, etc. México
Nombre del editor, distribuidor, etc. Gobierno del Estado de Chiapas
-- Instituto Nacional de Antropología e Historia
Fecha de publicación, distribución, etc. 2008
215 ## - Descripción física
Designación de material específico y extensión del ítem 421 p
Otras características físicas il., fot., mapas
Dimensiones 31 cm
318 ## - Nota de acción
Acción No se presta a domicilio
320 ## - Nota de índices/bibliografías internas
Texto de la nota Incluye bibliografía: p.407-416
345 ## - Nota de información de adquisición
Fuente de adquisición/dirección de la suscripción [OBSOLETO] Donación 'Salon du Livre 2009'
410 #1 - Series
Título Divulgación
606 ## - Término temático usado como materia
Elemento de entrada Indios de Chiapas
Subdivisión temática Etnografía
Número Koha 2484
660 ## - Código de área geográfica
Código MX
702 ## - Nombre personal - Responsabilidad secundaria
Elemento de entrada Alonso Bolaños
Parte del nombre distinta del elemento de entrada Marina
Número Koha 7533
702 ## - Nombre personal - Responsabilidad secundaria
Elemento de entrada Cuadriello Olivos
Parte del nombre distinta del elemento de entrada Hadlyyn
Número Koha 7534
702 ## - Nombre personal - Responsabilidad secundaria
Elemento de entrada Nolasco Armas
Parte del nombre distinta del elemento de entrada María Margarita
Fechas 1933-2008
Número Koha 7535
801 #0 - Fuente de origen
País FR
Agencia cm
Reglas de catalogación (convenciones descriptivas) AFNOR
900 ## -
-- 1/18002
900 ## -
-- 710989606\\171298
942 ## - ELEMENTOS DE ENTRADA SECUNDARIOS (KOHA)
Tipo de ítem Koha Livre
996 ## -
-- MEX
-- 751145101
-- MMAG
-- 001503
-- F972.913 N786PU
-- 20120125LIV
Exemplaires
Estatus retirado Estado de daño Estado de pérdida Fecha de adquisición Biblioteca de origen Biblioteca actual Ubicación en estantería Código de barras Precio de reemplazo Signatura topográfica completa No para préstamo Tipo de ítem Koha Nota pública Nota no pública
      05/08/2025 Casa México Paris Casa México Paris   001503 05/08/2025 F972.913 N786PU No se presta a domicilio Livre 20120125LIV 751145101